000 00710nam a22002417a 4500
003 UA-OsUOA
001 106233
007 ta
008 20140507b un ||||| |||| 00| 0 ukr d
100 _aСеник Л.
090 _a82.09(477)
_bС31
942 _cBK
040 _aUA-OsUOA
_bukr
_cUA-OsUOA
_dUA-OsUOA
245 _aСтудії ліричної драми Івана Франка "Зів'яле листя"
300 _a168 с.
955 _a1
041 _aukr
080 _a82.09(477)
020 _a978-966-613-507-3
260 _aЛьвів
_bЛНУ ім. Івана Франка
_c2007
650 7 _a82 Література. Літературознавство
_2UDC
999 _c392376
_d392376